Educación artística 6 / (Registro nro. 7915)

Detalles MARC
000 -LIDER
fixed length control field 00649nam a2200217 u 4500
001 - NÚMERO DE CONTROL
Identificador de número de control 000020249
003 - IDENTIFICACDOR DE NÚMERO DE CONTROL
control field DO-SdBNP
005 - DATE AND TIME OF LATEST TRANSACTION
control field 20180312150447.0
008 - ELEMENTOS DE LONGITUD FIJA
fixed length control field 100802s2007 dr r 000 0 spa d
040 ## - FUENTE DE CATALOGACIÓN
Agencia que crea de manera original el registro BPJMB
Idioma de catalogación spa
Agencia que realiza la transcripción BPJMB
092 ## - LOCALLY ASSIGNED DEWEY DECIMAL CALL NUMBER
Número de clasificación 372.5
Número de ítem (Cutter) R457
100 1# - ASIENTO PRINCIPAL -- NOMBRE PERSONAL
Nombre personal Reyes, Juana
245 10 - MENCIÓN DE TITULO
Título Educación artística 6 /
Mención de responsabilidad Juana Reyes.
250 ## - MENCIÓN DE EDICION
Mención de edición 3a ed.
260 ## - PUBLICACIÓN, DISTRIBUCIÓN, ETC. (PIE DE IMPRENTA)
Lugar de publicación, distribución, etc Santo Domingo :
Nombre del editor, distribuidor, etc. Secretaría de Estado de Educación,
Fecha de publicación, distribución, etc 2007.
300 ## - DESCRIPCIÓN FÍSICA
Extensión 165 p. :
Otros detalles físicos il. ;
Dimensiones 27 cm.
650 #4 - ENCABEZAMIENTO DE MATERIA--TEMÁTICO
Término temático o nombre geográfico como elemento de entrada ARTE
Subdivisión temática general ENSEÑANZA
Subdivisión geográfica REPÚBLICA DOMINICANA
942 ## - ADDED ENTRY ELEMENTS (KOHA)
Source of classification or shelving scheme Dewey Decimal Classification
Koha item type Libros
956 ## - LOCAL ELECTRONIC LOCATION AND ACCESS (OCLC)
Nombre de host KLANTIGUA
Número de acceso 10
Información de compresión 20100802
Inicio de sesión BND02
Procesador de solicitud 1456
956 ## - LOCAL ELECTRONIC LOCATION AND ACCESS (OCLC)
Nombre de host DGARCIA
Número de acceso 10
Información de compresión 20100804
Inicio de sesión BND01
Procesador de solicitud 1055

No hay ítems disponibles.